Top 100 best football players of all time - Statistics

General Stats
  • This quiz has been taken 531 times
  • The average score is 54 of 100
Answer Stats
Country Hint Answer % Correct
Argentina World Cup 2022, 7 Ballon d'Or Lionel Messi
95%
Argentina World Cup 1986, Napoli Diego Armando Maradona
92%
Portugal 5 Ballon d'Or, Real Madrid Cristiano Ronaldo
91%
Brazil World Cup 2002, Inter Milan Ronaldo
90%
Brazil 3 World Cup, Santos Pelé
88%
Argentina/Spain Legend of Real Madrid, 5 Champions League Alfredo Di Stéfano
83%
Brazil World Cup 2002, Barcelona, Ballon d'Or 2005 Ronaldinho
82%
Hungary Striker of 1950s/1960s, Real Madrid Ferenc Puskás
81%
Spain Ballon d'Or 1960, 2 Champions League, Inter Milan Luis Suárez
81%
Uruguay Striker, Liverpool, Barcelona Luis Suárez
81%
Brazil Forward, Barcelona, PSG Neymar
81%
France World Cup 2018, PSG Kylian Mbappé
80%
Croatia Real Madrid, Ballon d'Or 2018 Luka Modric
80%
Germany World Cup 2014, goalkeeper Manuel Neuer
80%
France World Cup 1998, Real Madrid Zinedine Zidane
80%
Spain World Cup 2010, midfielder, Barcelona Andres Iniesta
79%
Spain World Cup 2010, midfielder, Barcelona Xavi
79%
Italy 5 Champions League, defender, AC Milan Paolo Maldini
78%
Spain World Cup 2010, goalkeeper, Real Madrid Iker Casillas
77%
Netherlands 3 Ballon d'Or, Ajax, Barcelona Johan Cruyff
77%
Brazil Ballon d'Or 2007, AC Milan Kakà
77%
Germany Goalkeeper, Bayern Munich Oliver Kahn
77%
Brazil World Cup 2002, full-back, Real Madrid Roberto Carlos
77%
Spain World Cup 2010, defender, Real Madrid Sergio Ramos
77%
France World Cup 1998, Arsenal Thierry Henry
77%
Italy World Cup 2006, goalkeeper, Juventus Gianluigi Buffon
76%
France Ballon d'Or 2022, Real Madrid Karim Benzema
76%
Poland Striker, Bayern Munich Robert Lewandowski
76%
Sweden Striker, PSG, Inter Milan, AC Milan Zlatan Ibrahimović
76%
Germany World Cup 1974, Ballon d'Or 1970 Gerd Muller
75%
Germany World Cup 1974, 2 Ballon d'Or Franz Beckenbauer
74%
Northern Ireland Ballon d'Or 1968, Manchester United George Best
73%
Brazil World Cup 2002, full-back, Roma Cafu
72%
Portugal Ballon d'Or 1965, Benfica Eusébio
72%
Portugal Ballon d'Or 2000, Real Madrid, Barcelona Luis Figo
72%
Ukraine Ballon d'Or 2004, AC Milan Andriy Shevchenko
71%
Netherlands 3 Ballon d'Or, AC Milan Marco van Basten
71%
Denmark Goalkeeper, Manchester United Peter Schmeichel
71%
Russia Ballon d'Or 1963, Dynamo Moscow Lev Yashin
70%
France 3 Ballon d'Or, Juventus Michel Platini
70%
Netherlands Ballon d'Or 1987, AC Milan Ruud Gullit
69%
Brazil 2 World Cup (1958,1962), winger Garrincha
67%
Liberia Ballon d'Or 1995, AC Milan George Weah
67%
Wales Winger, Manchester United Ryan Giggs
67%
Italy World Cup 2006, midfielder, AC Milan Andrea Pirlo
66%
Italy Striker of 1960s/1970s, Cagliari Gigi Riva
65%
Bulgaria Barcelona, Ballon d'Or 1994 Hristo Stoichkov
63%
Spain 3 Champions League, Real Madrid, striker Raúl
63%
England World Cup 1966, striker Bobby Charlton
61%
Italy Ballon d'Or 1993, Juventus Roberto Baggio
61%
Denmark Forward of 1980s/1990s, Juventus, Barcelona Michael Laudrup
59%
Brazil Midfielder of 1970s/1980s, Corinthians Socrates
59%
Argentina Striker of 1990s, Fiorentina Gabriel Batistuta
58%
Mexico Striker of 1980s, Real Madrid Hugo Sanchez
58%
Germany World Cup 1990, Ballon d'Or 1990 Lothar Matthäus
58%
Brazil Attacking midfielder of 1970s/1980s, Flamengo Zico
58%
England World Cup 1966, defender Bobby Moore
57%
Italy Defender of 1980s/1990s, AC Milan Franco Baresi
57%
Scotland Striker, 3 Champions League, Liverpool Kenny Dalglish
57%
Brazil World Cup 1994, Barcelona Romario
57%
Netherlands Defensive midfielder, AC Milan Frank Rijkaard
51%
Brazil World Cup 1970, full-back Carlos Alberto
49%
Italy World Cup 1982, goalkeeper Dino Zoff
47%
Italy World Cup 1982, striker Paolo Rossi
47%
Brazil World Cup 1970, winger Jairzinho
46%
Germany 2 Ballon d'Or, Bayern Munich Karl-Heinz Rummenigge
45%
England 2 Ballon d'Or, Liverpool, Hamburger Kevin Keegan
42%
England World Cup 1966, goalkeeper Gordon Banks
40%
Argentina World Cup 1978, striker Mario Kempes
38%
Scotland Ballon d'Or 1964, Manchester United Denis Law
37%
Italy 2 World Cup (1934,1938), Inter Milan Giuseppe Meazza
37%
France Ballon d'Or 1958, Stade Reims, Real Madrid Raymond Kopa
37%
England Ballon d'Or 1956, Stoke City, Blackpool Stanley Matthews
36%
Spain 6 Champions League, Real Madrid Paco Gento
32%
Argentina World Cup 1978, defender Daniel Passarella
29%
Italy Ballon d'Or 1969, AC Milan Gianni Rivera
29%
Netherlands Midfielder of 1970s, Ajax, Barcelona Johan Neeskens
26%
Brazil 2 World Cup (1958,1962), attacking midfielder Didi
25%
Brazil World Cup 1970, attacking midfielder Rivellino
24%
Germany World Cup 1974, goalkeeper Sepp Maier
24%
Ukraine Ballon d'Or 1975, Dynamo Kyiv Oleg Blokhin
22%
Czech Republic/Austria Striker of 1930s/1940s, Slavia Prague Josef Bican
21%
Brazil 2 World Cup (1958,1962), full-back, Botafogo Nilton Santos
21%
Italy/Argentina Ballon d'Or 1961, Juventus Omar Sivori
21%
Italy Attacking midfielder of 1960s/1970s, Inter Milan Sandro Mazzola
21%
Italy Captain of Torino in 1940s died in airplane crash Valentino Mazzola
21%
Sweden Striker of 1950s, AC Milan Gunnar Nordahl
20%
Czech Republic Ballon d'Or 1962, midfielder, Dukla Prague Josef Masopust
20%
Germany World Cup 1974, full-back Paul Breitner
19%
Italy Full-back of 1960s/1970s, Inter Milan Giacinto Facchetti
18%
England Striker of 1920s/1930s, Everton Dixie Dean
17%
Italy World Cup 1982, defender, Juventus Gaetano Scirea
17%
Wales Striker of 1950s, Juventus John Charles
17%
Germany World Cup 1954, captain Fritz Walter
15%
Germany World Cup 1974, Borussia Mönchengladbach Günter Netzer
13%
Austria Forward of 1920s/1930s, Austria Vienna Matthias Sindelar
11%
Uruguay World Cup 1930, midfielder, Nacional, Penarol José Leandro Andrade
9%
Argentina Forward of 1930s/1940s, River Plate Jose Manuel Moreno
9%
Uruguay World Cup 1950, attacking midfielder Juan Alberto Schiaffino
9%
Hungary Forward of 1950s, MTK Budapest Nándor Hidegkuti
8%
No matching quizzes found
Score Distribution
Percent of People with Each Score
Percentile by Number Answered
Your Score History
You have not taken this quiz